Terrible Jokes Quiz Stats

Quiz Updated Nov 27, 2017

Also try: Bad Dad Jokes! II
Challenge
Share
Tweet
Embed
Score 0/20 Timer 07:00
9 Plays Today
% Correct
A waist of time.
97.1%
They each got six months.
96.2%
He had 200.
96.1%
Then it hit me.
95.6%
'I'm a big metal fan.'
95.1%
'Sorry, we don’t serve food here.'
94.8%
I could really see myself doing.
94.6%
'How do you drive this thing?'
94.5%
A lifetime ban from the zoo.
94.5%
A rain of terror.
94.4%
% Correct
You let that sink in.
94.3%
But a lovely finish.
94%
They always take things literally.
93.7%
But I couldn't find any.
93.7%
Well, well, well.
93.1%
I don’t know, and I don’t care.
92.6%
'I'm sorry, sir, only one carrion allowed per passenger.'
91.6%
Attire.
91%
Well, the flag is a big plus.
89.5%
'No, I’m traveling light.'
88.6%

You're not logged in!

Compare scores with friends on all Sporcle quizzes.
Sign Up with Email
OR
Log In

You Might Also Like...

Show Comments

Extras

Top Quizzes Today


Score Distribution

Your Account Isn't Verified!

In order to create a playlist on Sporcle, you need to verify the email address you used during registration. Go to your Sporcle Settings to finish the process.